| 000 | 00859nam a2200265 i 4500 | ||
|---|---|---|---|
| 001 | 178466 | ||
| 003 | ES-MaACL | ||
| 005 | 20240229184434.0 | ||
| 008 | 110602s1946 it f |||| |dita d | ||
| 080 | _a75 Bumourti, Michelangelo | ||
| 100 | 1 |
_aCarli, Enzo. _9146845 |
|
| 245 | 1 | 0 |
_aMichelangelo / _cEnzo Carli. |
| 250 | _a2ª ed. | ||
| 260 |
_aBergamo : _bIstituto Italiano d'Arti Grafiche, _c1946. |
||
| 300 |
_a54, 148 p. de lám., [3] h. pleg. de lám. ; _c26 cm. |
||
| 490 | 1 |
_aI grandi artisti italiani ; _v4 |
|
| 500 | _aÍndices. | ||
| 504 | _aBibliografía: p. 49-50. | ||
| 546 | _aTexto en italiano. | ||
| 600 | 0 | 4 |
_aMichelangelo, _d1475-1564 _980912 |
| 710 | 2 |
_aIstituto Italiano d'Arti Grafiche. _9146842 |
|
| 830 | 0 |
_aI grandi artisti italiani ; _v4 _9190981 |
|
| 852 |
_aES-MaACL _jE-15215 _xOlim P-941 |
||
| 999 |
_c178466 _d178466 |
||